Flexibilita prevádzky a jej vplyv na pridanú hodnotu maloobchodnej prevádzky

Flexibilita je dôležitý faktor pre riadenie distribučných kanálov, obzvlášť v maloobchode a mimoriadne dôležitý faktor v silnom konkurenčnom prostredí maloobchodu. Sledovanie flexibility v maloobchode sa dá považovať za novovznikajúcu oblasť výskumu. Zmeny v organizačných štruktúrach kvôli flexibili...

ver descrição completa

Na minha lista:
Detalhes bibliográficos
Autor principal: Rehák, Róbert, 1984-
Formato: Capítulo de Livro
Idioma:eslovaco
Assuntos:
Tags: Adicionar Tag
Sem tags, seja o primeiro a adicionar uma tag!

MARC

LEADER 00000nla$a2200000$$$4500
001 0125122
005 20240502072426.1
041 0 |a slo 
044 |a SK 
245 1 0 |a Flexibilita prevádzky a jej vplyv na pridanú hodnotu maloobchodnej prevádzky  |c Róbert Rehák 
520 |a Flexibilita je dôležitý faktor pre riadenie distribučných kanálov, obzvlášť v maloobchode a mimoriadne dôležitý faktor v silnom konkurenčnom prostredí maloobchodu. Sledovanie flexibility v maloobchode sa dá považovať za novovznikajúcu oblasť výskumu. Zmeny v organizačných štruktúrach kvôli flexibilite. Sledovanie flexibility s prihliadnutím na konkurenciu. Flexibilitu je významný faktor, ktorý vplýva na chod maloobchodnej prevádzky a na nárast pridanej hodnoty zákazníkom. Oblasti, v ktorých autor považuje zvyšovanie flexibility za dôležité sú distribučné systémy, marketingový informačný systém a personálna politika. 
610 2 0 |a maloobchod 
610 2 0 |a kanály distribučné 
610 2 0 |a systémy informačné 
610 2 0 |a marketing 
610 2 0 |a politika personálna 
610 2 0 |a flexibilita 
100 1 |a Rehák, Róbert, 1984-